Normal view
MARC view
- TRIBOLOGY CONGRESSES, OIL HYDRAULIC MACHINERY TESTING CONGRESSES, PUMPING MACHINERY TESTING CONGRESSES
Entry Topical Term
001 - CONTROL NUMBER
- control field: 61994
003 - CONTROL NUMBER IDENTIFIER
- control field: NUST
005 - DATE AND TIME OF LATEST TRANSACTION
- control field: 20210628202845.0
008 - FIXED-LENGTH DATA ELEMENTS
- fixed length control field: 210628|| aca||aabn | a|a d
040 ## - CATALOGING SOURCE
- Original cataloging agency: NUST
- Transcribing agency: NUST
150 ## - HEADING--TOPICAL TERM
- Topical term or geographic name entry element: TRIBOLOGY CONGRESSES, OIL HYDRAULIC MACHINERY TESTING CONGRESSES, PUMPING MACHINERY TESTING CONGRESSES
670 ## - SOURCE DATA FOUND
- Source citation: Work cat.: (NUST): Totten, George E 18964, Tribology of hydraulic pump testing, 1997
